000 00296nam a22001337a 4500
008 170925b xxu||||| |||| 00| 0 eng d
020 _a0321330692
041 _aeng
080 _24TH
_a37
100 _a46
101 _aEDU
245 _aTHE READY REFERENCE HANDBOOK
_cDODDS,J
942 _2udc
_cBK
999 _c29497
_d29497